Statistics for ALL Cities In Armenia AND Israel

Click here to take the quiz!

General Stats

  • This quiz has been taken 12 times
  • The average score is 30 of 119

Answer Stats

CountryCities% Correct
ArmeniaYerevan
100%
IsraelJerusalem
90%
IsraelHaifa
60%
ArmeniaVanadzor
50%
ArmeniaArarat
40%
IsraelAshdod
40%
IsraelAshkelon
40%
IsraelBeersheba
40%
ArmeniaGyumri
40%
ArmeniaAbovyan
30%
ArmeniaAparan
30%
ArmeniaArmavir
30%
ArmeniaArtashat
30%
ArmeniaAshtarak
30%
IsraelBeit Shemesh
30%
IsraelBnei Brak
30%
ArmeniaDilijan
30%
IsraelEilat
30%
ArmeniaGavar
30%
IsraelHolon
30%
ArmeniaIjevan
30%
ArmeniaJermuk
30%
IsraelKfar Saba
30%
IsraelKiryat Ata
30%
IsraelKiryat Ono
30%
IsraelNazareth
30%
IsraelNetanya
30%
IsraelRa’anana
30%
IsraelRamat Gan
30%
IsraelRamla
30%
IsraelRishon LeZion
30%
IsraelSderot
30%
ArmeniaSevan
30%
ArmeniaStepanavan
30%
ArmeniaTashir
30%
IsraelTayibe
30%
IsraelTel Aviv-Yafo
30%
IsraelTiberias
30%
ArmeniaVagharshapat
30%
IsraelAcre
20%
IsraelAfula
20%
ArmeniaAkhtala
20%
ArmeniaAlaverdi
20%
IsraelArad
20%
IsraelArraba
20%
ArmeniaArtik
20%
ArmeniaAyrum
20%
IsraelBaqa al-Gharbiyye
20%
IsraelBat Yam
20%
IsraelBeit She’an
20%
ArmeniaBerd
20%
ArmeniaByureghavan
20%
ArmeniaChambarak
20%
ArmeniaCharentsavan
20%
IsraelDimona
20%
IsraelEl’ad
20%
IsraelGivatayim
20%
IsraelGiv’at Shmuel
20%
ArmeniaGoris
20%
IsraelHadera
20%
IsraelHerzliya
20%
IsraelHod HaSharon
20%
ArmeniaHrazdan
20%
IsraelKafr Qasim
20%
ArmeniaKajaran
20%
ArmeniaKapan
20%
IsraelKarmiel
20%
IsraelKfar Yona
20%
IsraelKiryat Bialik
20%
IsraelKiryat Gat
20%
IsraelKiryat Malakhi
20%
IsraelKiryat Motzkin
20%
IsraelKiryat Shmona
20%
IsraelKiryat Yam
20%
IsraelLod
20%
IsraelMa’alot-Tarshiha
20%
ArmeniaMaralik
20%
ArmeniaMartuni
20%
ArmeniaMasis
20%
ArmeniaMeghri
20%
ArmeniaMetsamor
20%
IsraelMigdal HaEmek
20%
IsraelModi’in-Maccabim-Re’ut
20%
IsraelNahariya
20%
IsraelNesher
20%
IsraelNess Ziona
20%
IsraelNetivot
20%
IsraelNof HaGalil
20%
ArmeniaNor Hachn
20%
ArmeniaNoyemberyan
20%
IsraelOfakim
20%
IsraelOr Akiva
20%
IsraelOr Yehuda
20%
IsraelPetah Tikva
20%
IsraelQalansawe
20%
IsraelRahat
20%
IsraelRamat HaSharon
20%
IsraelRehovot
20%
IsraelRosh HaAyin
20%
IsraelSafed
20%
IsraelSakhnin
20%
IsraelShefa-Amr
20%
ArmeniaSisian
20%
ArmeniaSpitak
20%
ArmeniaTalin
20%
IsraelTamra
20%
IsraelTira
20%
IsraelTirat Carmel
20%
ArmeniaTsaghkadzor
20%
ArmeniaTumanyan
20%
IsraelUmm al-Fahm
20%
ArmeniaVardenis
20%
ArmeniaVayk
20%
ArmeniaVedi
20%
IsraelYavne
20%
ArmeniaYeghegnadzor
20%
ArmeniaYeghvard
20%
IsraelYehud-Monosson
20%
IsraelYokneam Illit
20%

Score Distribution

Percentile by Number Answered

Percent of People with Each Score

Your Score History

You have not taken this quiz